| 000 | 00502nam a2200181Ia 4500 | ||
|---|---|---|---|
| 001 | 2128 | ||
| 005 | 20260306143819.0 | ||
| 008 | 260306t2013||||xx |||||||||||||| ||spa|| | ||
| 041 | _aESP | ||
| 082 |
_a613.8 _bV935 |
||
| 100 |
_aVelásquez de Pabón, Elvia _eAUT |
||
| 245 | 0 |
_aFundamentos de medicina: _badicciones, aspectos clínicos y psicosociales, tratamiento y prevención |
|
| 260 | _c2013 | ||
| 300 |
_a639 páginas : _c22 cm. |
||
| 650 | _aGEN | ||
| 654 | _aCPS | ||
| 942 |
_cLIB _dJUS _fJUS _2ddc _n |
||
| 999 |
_c2128 _d2128 |
||